| 000 | 00634cab a2200217 4500 | ||
|---|---|---|---|
| 001 | ABS41586 | ||
| 008 | 090401t1989 xxu||||| |||| 00| 0 eng d | ||
| 035 | _a(Sirsi) u31043 | ||
| 041 | _aeng | ||
| 100 | _aCatt, R. | ||
| 245 | _aProblems en block | ||
| 260 | _c1989 | ||
| 350 | _a0 | ||
| 490 |
_aBuilding Societies` Gazette _v121(1477) October 1989, 63(1) |
||
| 520 | _aThe author highlights potential problems of surveying purpose-built flats or conversions. | ||
| 650 | _aBALCONIES | ||
| 650 | _aSTRUCTURAL SURVEYS | ||
| 690 | _aMANAGEMENT-BUSINESS MANAGEMENT-PROFESSIONAL PRACTICE | ||
| 942 | _n0 | ||
| 948 | _c04/03/1997 | ||
| 999 |
_c20870 _d20870 |
||